WWE General Knowledge Quiz - Statistics

General Stats
  • This quiz has been taken 70 times
  • The average score is 11 of 15
Answer Stats
Question Answer % Correct
How many people traditionally are there in a royal rumble? 30
98%
Who is Brock Lesnars advocate? Paul Heyman
98%
In which year did AJ Styles debut? 2016
96%
Who broke the Undertakers undefeated streak? Brock Lesnar
91%
How many wrestlemanias have there been as of 2019? 35
89%
How many championships are there in total? (Only Raw and Smackdown) 9
87%
Who is the Usos father? Rikishi
87%
Finish the theme tune "You can look but you can't _____" Touch
83%
Who has held the most world championships? Ric Flair
81%
Who won the 2006 Royal Rumble? Rey Mysterio
78%
Which tag team were called the hounds of justice? The Shield
78%
Who won the 2019 Survivor Series? NXT
54%
Which two women were in the first womens match in Saudi Arabia? Natalya and Lacey Evans
39%
Where is Kane the Mayor of? Knoxville
37%
How many times has Ricochet been US champion? 1 time
24%
No matching quizzes found
Score Distribution
Percent of People with Each Score
Percentile by Number Answered
Your Score History
You have not taken this quiz